1948 1987 1770 1268 1073 1346 1592 1989 1348 1038 1611 1119 1159 1120 1749 1694 1442 1268 1761 1299 1904 1778 1751 1373 1131 1167 1572 1631 1077 1154 1515 1522 1529 1168 1326 1124 1113 1725 1669 1963 1511 1542 1417 1815 1924 1321 1818 1396 1634 1636 1032 1190 1663 1009 1014 1131 1102 1609 1846 1014 1392 1207 1178 1556 1168 1773 1954 1347 1879 1949 1329 1418 1754 1951 1449 1369 1300 1051 1180 1291 1800 1551 1026 1369 1255 1798 1398 1016 1242 1752 1933 1532 1697 1711 1190 1226 1065 1743 1676 BCNSPRNW ULIB Ver.6.0+V

เปลี่ยนเป็นภาษาไทย

Change to English
 แสดงรายละเอียดบรรณานุกรม
  กลับหน้าหลัก

Brief Record : Get Marc (ISO 2709) : E-mail record : QR code < ปิดหน้าต่าง
LEADER : 00000nam 2200000uu 4500
001    13399110639
003     ULIB
008    110606s2544||||th 000 0 tha d
020    9740403417
020    9789740403418
060 04 WR140^bน493ห 2544
245 00 หัตถการพื้นฐานทางตจวิทยา =^bPractical procedures in dermatology /^cบรรณาธิการ, นิยม ตันติคุณ, วรพงษ์ มนัสเกียรติ
250    พิมพ์ครั้งที่ 1
260    กรุงเทพฯ :^bภาควิชาตจวิทยา คณะแพทยศาสตร์ศิริราชพยาบาลมหาวิทยาลัยมหิดล,^c2544
300    164 หน้า :^bภาพประกอบ ;^c22 ซม.
650  7 ผิวหนัง, วิทยาโรค
650  7 ผิวหนัง, โรค
653    ผลงานอาจารย์คณะแพทยศาสตร์ศิริราชพยาบาล
700 0  นิยม ตันติคุณ,^eบรรณาธิการ
700 0  วรพงษ์ มนัสเกียรติ,^eบรรณาธิการ
710 2  มหาวิทยาลัยมหิดล. ^bคณะแพทยศาสตร์ศิริราชพยาบาล.^bภาควิชาตจวิทยา
945    ^p250^l0^i023849
945    ^p250^l0^i017771
995    ทศพร
999 ^a ใช้งานได้ทุกระบบ
รายการนี้ยังไม่มีแท็ก
คุณยังไม่ได้ล็อกอิน คุณสามารถมีกิจกรรมร่วมกับเว็บไซต์ได้ แต่ต้องล็อกอินก่อน ::
  ล็อกอิน

รายการสื่อสารสนเทศ

ลำดับที่ ประเภท เลขเรียก/บาร์โค้ด สถานที่ สถานะ
- ไม่พบข้อมูล -

รายการใกล้เคียง
    หัวเรื่อง [ผิวหนัง, วิทยาโรค]
    หัวเรื่อง [ผิวหนัง, โรค]

BibComment


ยังไม่เคยถูกคอมเมนท์

คอมเมนท์ทรัพยากรรายการนี้
  คอมเมนท์: หัตถการพื้นฐานทาง..


 Copyright 2026. Bcnsprnw @Library